00581nam a2200217 u 450000100100000000500170001000800410002702000150006804100090008304300090009208200250010110000300012624500420015625000120019826000460021030000240025665000150028065000210029565000320031699900150034800005594420200120223205.0130612s1985 ck gr 000 f spa d a95860227060 a|spa as-ck04a070.4993554bC172211 aCastro Caicedo, Germán,13aEl karina /cGermán Castro Caicedo. a1a. ed. aBogotá :bCírculo de lectores,c1985. a342 p. :bil., fot.14aReportajes24aMarina de guerra24aArmada Nacional de Colombia c5486d5486